MARC details
| 000 -CABECERA |
| campo de control de longitud fija |
01146nam a2200289 4500 |
| 003 - IDENTIFICADOR DEL NÚMERO DE CONTROL |
| campo de control |
EC-UNACH |
| 006 - CÓDIGOS DE INFORMACIÓN DE LONGITUD FIJA--CARACTERÍSTICAS DEL MATERIAL ADICIONAL |
| campo de control de longitud fija |
s||||gr|||| 00| 00 |
| 008 - DATOS DE LONGITUD FIJA--INFORMACIÓN GENERAL |
| campo de control de longitud fija |
150116t9999 mx r gr 000 0 spa d |
| 020 ## - NÚMERO INTERNACIONAL ESTÁNDAR DEL LIBRO |
| Número Internacional Estándar del Libro |
978-9978-92-775-5 |
| 040 ## - FUENTE DE LA CATALOGACIÓN |
| Centro catalogador/agencia de origen |
EC-UNACH |
| Centro/agencia transcriptor |
EC-UNACH |
| 041 ## - CÓDIGO DE LENGUA |
| Código de lengua del texto/banda sonora o título independiente |
Español |
| 082 04 - NÚMERO DE LA CLASIFICACIÓN DECIMAL DEWEY |
| Número de edición |
23 |
| Número de clasificación |
613 |
| Número de documento/Ítem |
L001413 |
| 100 ## - ENTRADA PRINCIPAL--NOMBRE DE PERSONA |
| Nombre de persona |
Organización Panamericana de la Salud |
| 245 ## - MENCIÓN DE TÍTULO |
| Título |
La bioética en la formación de recursos humanos de la salud |
| Resto del título |
Situación actual y desafíos en el Ecuador |
| 250 ## - MENCIÓN DE EDICIÓN |
| Mención de edición |
Primera edición |
| 264 ## - Producción, publicación, distribución, fabricación y copyright |
| Lugar de producción, publicación, distribución, fabricación |
Quito - Ecuador |
| Nombre del de productor, editor, distribuidor, fabricante |
Imprenta Activa |
| Fecha de de producción, publicación, distribución, fabricación o copyright |
2009 |
| 300 ## - DESCRIPCIÓN FÍSICA |
| Extensión |
253 páginas |
| Otras características físicas |
Tablas |
| Dimensiones |
21 x 15 centímetros |
| 501 ## - NOTA DE "CON" |
| Nota de “Con” |
Incluye Índice, Prólogo, Presentación |
| 505 ## - NOTA DE CONTENIDO CON FORMATO |
| Nota de contenido con formato |
Primera Parte. Bioética y Educación Superior en el Ecuador -- Segunda Parte. La Bioética y sus formas institucionales -- Tercera parte. La Bioética y el ejercicio de la medicina -- Anexos |
| 650 ## - PUNTO DE ACCESO ADICIONAL DE MATERIA--TÉRMINO DE MATERIA |
| Término de materia o nombre geográfico como elemento inicial |
BIOÉTICA |
| 650 ## - PUNTO DE ACCESO ADICIONAL DE MATERIA--TÉRMINO DE MATERIA |
| Término de materia o nombre geográfico como elemento inicial |
FORMACIÓN E RECURSOS HUMANOS |
| 650 ## - PUNTO DE ACCESO ADICIONAL DE MATERIA--TÉRMINO DE MATERIA |
| Término de materia o nombre geográfico como elemento inicial |
EJERCICIO DE LA MEDICINA |
| 942 ## - ELEMENTOS DE PUNTO DE ACCESO ADICIONAL (KOHA) |
| Fuente del sistema de clasificación o colocación |
Clasificación Decimal Dewey |
| Tipo de ítem Koha |
Libros |
| 999 ## - NÚMEROS DE CONTROL DE SISTEMA (KOHA) |
| Koha biblionumber |
13906 |